Africa by Any 3 Letters Quiz Stats

 Plays Quiz Updated Nov 23, 2018

Support Sporcle.
Go Orange.
Score 0/54 Timer 03:00
17 Plays Today
Countries % Correct
South Sudan
96%
South Africa
95.9%
Nigeria
94.1%
Egypt
93.2%
Liberia
92.2%
Equatorial Guinea
91.5%
Democratic Republic of the Congo
90.9%
Algeria
90.4%
Somalia
89.8%
Republic of the Congo
88.2%
Niger
86.8%
Comoros
86.6%
Sudan
85.7%
Mauritania
85%
Libya
84.3%
Morocco
83.2%
Central African Republic
82.8%
Madagascar
82.3%
Kenya
81.8%
Rwanda
80.8%
Mali
80.1%
Mozambique
80.1%
Botswana
79.5%
Malawi
79.2%
Zambia
78.9%
Uganda
78.9%
Seychelles
78.3%
Countries % Correct
Ethiopia
77.5%
Guinea-Bissau
77.5%
Chad
77.3%
Guinea
76.3%
Zimbabwe
76.2%
Tanzania
76%
Ghana
75.1%
Eswatini
74.5%
Tunisia
74%
Namibia
73.4%
Lesotho
72.5%
The Gambia
71.4%
Cote d'Ivoire
70.8%
Eritrea
70.3%
Mauritius
69.1%
Angola
67.6%
Burkina Faso
67.2%
Sao Tome and Principe
66.7%
Cameroon
66.6%
Burundi
65.5%
Djibouti
65.3%
Togo
63.6%
Senegal
61.9%
Benin
59%
Sierra Leone
58.4%
Gabon
56%
Cabo Verde
51.7%

You're not logged in!

Compare scores with friends on all Sporcle quizzes.
OR
Log In

From the Vault

Ayn Rand Novels

by jdfulp

"I wish I had a pithy quote about Ayn Rand, but the Internet will just make one up for me anyway". - Mark Twain
Remove Ads.
Support Sporcle.
Get the best of Sporcle when you Go Orange. This ad-free experience offers more features, more stats, and more fun while also helping to support Sporcle. Thank you for becoming a member.

Show Comments

Extras

Top Quizzes Today


Score Distribution

Your Account Isn't Verified!

In order to create a playlist on Sporcle, you need to verify the email address you used during registration. Go to your Sporcle Settings to finish the process.

Report this User

Report this user for behavior that violates our Community Guidelines.

Details: